| 000 | 00863nam a22002535a 4500 | ||
|---|---|---|---|
| 003 | OSt | ||
| 005 | 20170327110209.0 | ||
| 008 | 170322s2010 ua frb 000 0 ara d | ||
| 015 | _a2003 / 19747 | ||
| 020 | _a9770443220 | ||
| 040 |
_aEG-ScBUE _bara _cEG-ScBUE |
||
| 082 | 0 | 4 |
_a346.02 _bب د ر _222 |
| 100 | 1 | _aبدر، أحمد سلامة. | |
| 245 | 1 | 2 |
_aالعقود الإدارية وعقد البوت / _cأحمد سلامة بدر. |
| 250 | _aط. 2. | ||
| 260 |
_aالقاهرة : _bدار النهضة العربية، _c2010. |
||
| 300 |
_a416 ص. ؛ _c24 سم. |
||
| 504 | _aيشتمل على إرجاعات ببليوجرافية. | ||
| 650 | 7 |
_2BUEsh _aالعقود الإدارية (قانون دولي) _941076 |
|
| 650 | 7 |
_2BUEsh _aعقود البوت (قانون دولي) |
|
| 651 | _2BUEsh | ||
| 653 |
_bLLAAWW _cMarch2017 |
||
| 942 | _2ddc | ||
| 999 |
_c24538 _d24510 |
||